[Event "Open Ricany 2012"]
[Site "http://www.openricany.cz/"]
[Date "2012.08.27"]
[Round "3.1"]
[White "Kulhanek, Tomas"]
[Black "Hadzala, Daniel"]
[Result "1-0"]
[WhiteElo "2399"]
[BlackElo "2127"]
[PlyCount "57"]
[EventDate "2012.??.??"]

1. e4 e6 2. d4 d5 3. e5 b6 4. c3 Qd7 5. a4 a5 6. Nh3 Ba6 7. Bxa6 Nxa6 8. O-O
Ne7 9. Nf4 g6 10. Na3 h5 11. Nc2 Nf5 12. Ne3 Be7 13. Nxf5 gxf5 14. Qe2 c5 15.
Be3 Qb7 16. Qb5+ Kf8 17. dxc5 Bxc5 18. Bd4 Bxd4 19. cxd4 Rc8 20. Rac1 Ke7 21.
Rxc8 Rxc8 22. Qe2 Rc4 23. Qxh5 Qc8 24. Qg5+ Kd7 25. Qg7 Qe8 26. Nh5 Kc6 27. Nf6
Qe7 28. Qg8 Kb7 29. Ne8 1-0

[Event "Open Ricany 2012"]
[Site "http://www.openricany.cz/"]
[Date "2012.08.27"]
[Round "3.3"]
[White "Vojta, Tomas"]
[Black "Pospisil, Evzen"]
[Result "1/2-1/2"]
[WhiteElo "2345"]
[BlackElo "2083"]
[PlyCount "98"]
[EventDate "2012.??.??"]

1. d4 Nf6 2. Nc3 d5 3. Qd3 c6 4. Bg5 Nbd7 5. Nf3 g6 6. O-O-O Bg7 7. Kb1 Qc7 8.
Bh4 b5 9. Bg3 Qb6 10. Ne5 Nh5 11. Nxd7 Bxd7 12. e4 Nxg3 13. hxg3 e6 14. g4 h6
15. e5 a5 16. f4 a4 17. Rh3 b4 18. Ne2 Bc8 19. Nc1 Ba6 20. Qe3 Kd7 21. Bxa6
Qxa6 22. f5 g5 23. Rf3 Rhe8 24. Nd3 Qa5 25. fxe6+ fxe6 26. Rdf1 Re7 27. Rf7 Ra7
28. Rxe7+ Kxe7 29. Qf3 Kd8 30. Nc5 Re7 31. Qd3 Bxe5 32. Re1 Bd6 33. Nxe6+ Kc8
34. Qf5 Kb7 35. Rh1 b3 36. axb3 axb3 37. cxb3 Qd2 38. Rc1 Kb6 39. Nc5 Bxc5 40.
dxc5+ Kb7 41. g3 Qe3 42. Rc3 Qe4+ 43. Ka2 Qb4 44. Qf2 Qxg4 45. Qf8 Qe6 46. Rf3
Qe1 47. b4 Qe4 48. Qd8 Qc4+ 49. Rb3 Re3 1/2-1/2

[Event "Open Ricany 2012"]
[Site "http://www.openricany.cz/"]
[Date "2012.08.27"]
[Round "3.4"]
[White "Chudinovskikh, Alexander M"]
[Black "Volek, Radomir"]
[Result "1-0"]
[WhiteElo "2248"]
[BlackElo "2057"]
[PlyCount "27"]
[EventDate "2012.??.??"]

1. d4 Nf6 2. Nf3 e6 3. g3 b6 4. Bg2 Bb7 5. O-O c5 6. c4 cxd4 7. Qxd4 Nc6 8. Qf4
d5 9. Rd1 Qb8 10. Qxb8+ Rxb8 11. Bf4 Rd8 12. Nc3 dxc4 13. Ne5 Na5 14. Rxd8+ 1-0

[Event "Open Ricany 2012"]
[Site "http://www.openricany.cz/"]
[Date "2012.08.27"]
[Round "3.5"]
[White "Kovar, Josef"]
[Black "Balacek, Tadeas"]
[Result "1/2-1/2"]
[WhiteElo "2052"]
[BlackElo "2178"]
[PlyCount "56"]
[EventDate "2012.??.??"]

1. Nf3 Nf6 2. c4 g6 3. Nc3 Bg7 4. g3 O-O 5. Bg2 d6 6. O-O e5 7. d3 Nc6 8. Bg5
h6 9. Bxf6 Bxf6 10. Rb1 a5 11. a3 Bg7 12. b4 axb4 13. axb4 Be6 14. Nd5 Ne7 15.
Nd2 c6 16. Nxe7+ Qxe7 17. Qb3 f5 18. b5 c5 19. Ra1 h5 20. b6 h4 21. Ra7 Rab8
22. Qb5 hxg3 23. hxg3 f4 24. Qc6 fxg3 25. fxg3 Qg5 26. Qxd6 Qe3+ 27. Kh2 Qh6+
28. Kg1 Qe3+ 1/2-1/2

[Event "Open Ricany 2012"]
[Site "http://www.openricany.cz/"]
[Date "2012.08.27"]
[Round "3.6"]
[White "Sindler, Michal"]
[Black "Schmalz, Michal"]
[Result "0-1"]
[WhiteElo "2144"]
[BlackElo "2040"]
[PlyCount "142"]
[EventDate "2012.??.??"]

1. e4 c5 2. Nf3 g6 3. d4 cxd4 4. Nxd4 Nc6 5. c4 Nf6 6. Nc3 d6 7. Be2 Nxd4 8.
Qxd4 Bg7 9. f3 O-O 10. Qf2 e6 11. O-O Qa5 12. Rd1 Rd8 13. Rb1 d5 14. exd5 exd5
15. b4 Qc7 16. Nb5 Qe7 17. c5 Bf5 18. Bd3 Bxd3 19. Rxd3 a6 20. Nd4 Nd7 21. Bf4
Re8 22. Nb3 Be5 23. Bd2 Qf6 24. f4 Qf5 25. Qf3 Bc7 26. Qxd5 Qxd5 27. Rxd5 Nf6
28. Rd3 Rad8 29. Rxd8 Rxd8 30. Re1 Nd5 31. g3 f5 32. Kf1 Kf7 33. Ke2 Nf6 34. a3
Ne4 35. Rd1 Ke6 36. Be1 Rxd1 37. Kxd1 Kd5 38. Ke2 Kc4 39. Nd2+ Nxd2 40. Bxd2
Bd8 41. a4 Bf6 42. Be1 Bb2 43. b5 axb5 44. axb5 Kxb5 45. Kd3 Kxc5 46. Bf2+ Kd5
47. Bb6 Ba3 48. h3 Bc5 49. Bd8 Bf2 50. g4 h5 51. gxh5 gxh5 52. Bf6 b5 53. Bc3
Bg3 54. Be5 b4 55. Bb8 Bf2 56. Be5 Kc5 57. Bb8 Kb5 58. Be5 Be1 59. Bb2 Ka4 60.
Kc4 Bd2 61. Be5 b3 62. Kd5 Bxf4 63. Bb2 Be3 64. Ke5 f4 65. Ke4 Kb4 66. Kd3 Kc5
67. Ke4 Kc4 68. Be5 Bc1 69. Bf6 Kb4 70. h4 Ka3 71. Kd3 Ka2 0-1

[Event "Open Ricany 2012"]
[Site "http://www.openricany.cz/"]
[Date "2012.08.27"]
[Round "3.9"]
[White "Juptner, Jan"]
[Black "Vesecky, Martin"]
[Result "0-1"]
[WhiteElo "2378"]
[BlackElo "2114"]
[PlyCount "78"]
[EventDate "2012.??.??"]

1. d4 Nf6 2. c4 c5 3. d5 e6 4. Nc3 exd5 5. cxd5 d6 6. Nf3 g6 7. Nd2 a6 8. a4
Bg7 9. e4 O-O 10. Be2 Re8 11. O-O Nbd7 12. Qc2 b6 13. f4 Qe7 14. Bf3 Rb8 15.
Nc4 Bb7 16. Bd2 b5 17. axb5 axb5 18. Nxb5 Nxe4 19. Bxe4 Qxe4 20. Qxe4 Rxe4 21.
Nbxd6 Rd4 22. Bc3 Rxd5 23. Ra7 Bc6 24. f5 Ne5 25. fxg6 hxg6 26. Nxf7 Nxc4 27.
Bxg7 Rd2 28. Nh6+ Kh7 29. Bc3+ Kxh6 30. Bxd2+ Nxd2 31. Rf4 Rxb2 32. h4 Rb1+ 33.
Kf2 Ne4+ 34. Ke3 Rb3+ 35. Ke2 Bb5+ 36. Kd1 Bd3 37. Ra1 Rb2 38. Rf3 c4 39. Rg3
Nxg3 0-1

[Event "Open Ricany 2012"]
[Site "http://www.openricany.cz/"]
[Date "2012.08.27"]
[Round "3.10"]
[White "Moravec, Vit"]
[Black "Rehorek, Martin"]
[Result "1/2-1/2"]
[WhiteElo "2155"]
[BlackElo "2310"]
[PlyCount "86"]
[EventDate "2012.??.??"]

1. e4 c5 2. Nf3 e6 3. b3 Nc6 4. Bb2 d6 5. d4 cxd4 6. Nxd4 e5 7. Nxc6 bxc6 8. c4
Nf6 9. Bd3 Be7 10. O-O O-O 11. c5 d5 12. exd5 Qxd5 13. Nc3 Qxc5 14. Ne4 Qb4 15.
a3 Qb8 16. Nxf6+ Bxf6 17. Qc2 h6 18. Qxc6 Bb7 19. Qc2 Qd6 20. b4 Rac8 21. Qe2
Bd8 22. Rfd1 Bb6 23. Kh1 Qf6 24. a4 Bd5 25. a5 Bc7 26. Bf5 Qxf5 27. Rxd5 Bb8
28. Rc1 Rxc1+ 29. Bxc1 Rc8 30. Rc5 Rd8 31. b5 Qb1 32. g3 Qb4 33. Qc2 Bd6 34.
Rc8 Rxc8 35. Qxc8+ Bf8 36. Qc6 Qxa5 37. Qc4 g6 38. Kg2 h5 39. Be3 Qa1 40. Bd2
Bd6 41. Qc8+ Kg7 42. Qc4 g5 43. h3 f6 1/2-1/2

[Event "Open Ricany 2012"]
[Site "http://www.openricany.cz/"]
[Date "2012.08.27"]
[Round "3.11"]
[White "Kozak, Milos"]
[Black "Mrna, Vladimir"]
[Result "1/2-1/2"]
[WhiteElo "2195"]
[BlackElo "2045"]
[PlyCount "45"]
[EventDate "2012.??.??"]

1. d4 Nf6 2. c4 e6 3. g3 c5 4. d5 exd5 5. cxd5 d6 6. Nc3 g6 7. Bg2 Bg7 8. Nf3
O-O 9. O-O a6 10. a4 Re8 11. Nd2 Nbd7 12. h3 Rb8 13. Nc4 Ne5 14. Na3 Nh5 15. e4
Qc7 16. g4 Nf6 17. f4 Ned7 18. Qd3 Nb6 19. a5 Nbd7 20. Nc4 b5 21. axb6 Nxb6 22.
Na5 Nfd7 23. Nc6 1/2-1/2

[Event "Open Ricany 2012"]
[Site "http://www.openricany.cz/"]
[Date "2012.08.27"]
[Round "3.12"]
[White "Sedy, Pavel"]
[Black "Hrdina, Robin"]
[Result "1-0"]
[WhiteElo "2155"]
[BlackElo "2024"]
[PlyCount "51"]
[EventDate "2012.??.??"]

1. e4 c5 2. Nf3 e6 3. d4 cxd4 4. Nxd4 a6 5. c4 Qc7 6. Bd3 b6 7. O-O Nf6 8. Qe2
d6 9. f4 Nbd7 10. b4 Bb7 11. Bb2 Be7 12. Nd2 Rc8 13. Rae1 g6 14. e5 dxe5 15.
fxe5 Nh5 16. a3 O-O 17. Qe3 Ng7 18. N2f3 Nb8 19. Qh6 Nc6 20. Re3 Qd8 21. h4
Nxd4 22. Nxd4 Bxh4 23. Rf6 Nh5 24. Rh3 Rxc4 25. Bxc4 Qc7 26. Nxe6 1-0

[Event "Open Ricany 2012"]
[Site "http://www.openricany.cz/"]
[Date "2012.08.27"]
[Round "3.13"]
[White "Pavlicek, Petr"]
[Black "Kratochvil, Jakub"]
[Result "1/2-1/2"]
[WhiteElo "2001"]
[BlackElo "2152"]
[PlyCount "99"]
[EventDate "2012.??.??"]

1. e4 e5 2. Bc4 Nf6 3. d3 Nc6 4. Nf3 Bc5 5. c3 d6 6. Bb3 a6 7. O-O h6 8. h3 O-O
9. Nbd2 Re8 10. Re1 Be6 11. Nf1 Ba7 12. Be3 d5 13. Bxa7 Rxa7 14. Ng3 g6 15. Qe2
Ra8 16. Rad1 d4 17. Bxe6 Rxe6 18. c4 Nd7 19. Qd2 Kg7 20. Nh2 Qg5 21. Nf3 Qe7
22. Nh2 Qg5 23. Nf3 Qxd2 24. Rxd2 a5 25. b3 a4 26. Rb1 axb3 27. axb3 Nb4 28.
Ne1 Nc5 29. Ne2 Rea6 30. Nc1 f5 31. f3 f4 32. Kf2 g5 33. Ke2 h5 34. Rdb2 Rb6
35. Nc2 Nxc2 36. Rxc2 Rb4 37. Rcb2 Ra3 38. Kf2 Kf6 39. Ke2 Kg6 40. Kf2 Ra6 41.
Ke2 Rab6 42. Kd2 Kf6 43. Kc2 Ra6 44. Ra2 Rbb6 45. Rba1 Rxa2+ 46. Rxa2 Na6 47.
Ra5 Nb4+ 48. Kd2 c6 49. Ra8 Ra6 50. Rf8+ 1/2-1/2

[Event "Open Ricany 2012"]
[Site "http://www.openricany.cz/"]
[Date "2012.08.27"]
[Round "3.14"]
[White "Gregor, Jiri"]
[Black "Sargsyan, Karen"]
[Result "1-0"]
[WhiteElo "2291"]
[BlackElo "1932"]
[PlyCount "43"]
[EventDate "2012.??.??"]

1. d4 f5 2. Nc3 g6 3. h4 Nf6 4. h5 Bg7 5. Nf3 d6 6. h6 Bf8 7. Bf4 c6 8. e3 Nbd7
9. Bc4 Nb6 10. Bb3 Nbd5 11. Ng5 Qa5 12. Qd2 Nxc3 13. Qxc3 Qxc3+ 14. bxc3 d5 15.
f3 Nh5 16. Be5 Bxh6 17. Bxh8 Bxg5 18. Kf2 f4 19. exf4 Bxf4 20. g4 Nf6 21. Bxf6
exf6 22. Rae1+ 1-0

[Event "Open Ricany 2012"]
[Site "http://www.openricany.cz/"]
[Date "2012.08.27"]
[Round "3.16"]
[White "Prochazka, Petr"]
[Black "Haba, Zdenek"]
[Result "0-1"]
[WhiteElo "1965"]
[BlackElo "2236"]
[PlyCount "54"]
[EventDate "2012.??.??"]

1. e4 c5 2. Nf3 d6 3. d4 cxd4 4. Nxd4 Nf6 5. Nc3 a6 6. Bg5 e6 7. f4 Nbd7 8. Qf3
Qc7 9. O-O-O b5 10. Bxf6 Nxf6 11. e5 Bb7 12. Qe3 dxe5 13. Ncxb5 Qb6 14. fxe5
Nd5 15. Qg3 g6 16. Nd6+ Bxd6 17. exd6 O-O-O 18. c4 Nb4 19. a3 Rxd6 20. Qe5 Rhd8
21. c5 Qc7 22. axb4 Rxd4 23. Qxc7+ Kxc7 24. Rxd4 Rxd4 25. Rg1 Rxb4 26. g3 Kc6
27. Bg2+ Kxc5 0-1

[Event "Open Ricany 2012"]
[Site "http://www.openricany.cz/"]
[Date "2012.08.27"]
[Round "3.17"]
[White "Cerny, Martin"]
[Black "Petrun, Milan"]
[Result "1-0"]
[WhiteElo "2185"]
[BlackElo "1925"]
[PlyCount "79"]
[EventDate "2012.??.??"]

1. d4 Nf6 2. Nf3 e6 3. c4 c5 4. e3 cxd4 5. exd4 d5 6. Nc3 Be7 7. Bd3 Nc6 8. O-O
O-O 9. c5 b6 10. Bb5 Nb8 11. cxb6 Qxb6 12. Re1 Ba6 13. Ba4 Nbd7 14. Rb1 Bb4 15.
Bc2 Rac8 16. Bd2 Qc7 17. Rc1 Qa5 18. a3 Bd6 19. Ne4 dxe4 20. Bxa5 exf3 21. Qxf3
Nd5 22. Bd2 Rb8 23. b4 N7f6 24. Ba4 Nb6 25. Bc6 Rfd8 26. b5 Bc8 27. Bf4 Bxf4
28. Qxf4 Bb7 29. h3 Bxc6 30. Rxc6 Nbd5 31. Qc1 Rxb5 32. Rc8 Rb8 33. Rxd8+ Rxd8
34. Qc5 Nb6 35. Qc7 Ra8 36. Qb7 g6 37. Rc1 Nfd5 38. Qxa8+ Nxa8 39. Rc8+ Kg7 40.
Rxa8 1-0

[Event "Open Ricany 2012"]
[Site "http://www.openricany.cz/"]
[Date "2012.08.27"]
[Round "3.18"]
[White "Krejci, Martin"]
[Black "Postupa, Pavel"]
[Result "1/2-1/2"]
[WhiteElo "1923"]
[BlackElo "2141"]
[PlyCount "110"]
[EventDate "2012.??.??"]

1. e4 c5 2. Nf3 d6 3. d4 cxd4 4. Nxd4 Nf6 5. Nc3 a6 6. Be2 e5 7. Nb3 Be6 8. O-O
Be7 9. f4 Qc7 10. Kh1 Nbd7 11. f5 Bc4 12. Bg5 Rc8 13. Bxc4 Qxc4 14. Qf3 b5 15.
a3 O-O 16. Rad1 Rfe8 17. Rfe1 d5 18. Nxd5 Nxd5 19. Bxe7 Rxe7 20. Rxd5 Nf6 21.
Rd6 b4 22. Qd3 Qxc2 23. Qxc2 Rxc2 24. axb4 Rxb2 25. Nc5 Rxb4 26. Rxa6 h5 27.
Ra5 Rc7 28. Nd3 Rxe4 29. Rxe5 Rxe5 30. Nxe5 Re7 31. Nf3 Rxe1+ 32. Nxe1 Ng4 33.
Nf3 Ne3 34. Nd4 Kf8 35. Kg1 Ke7 36. Kf2 Ng4+ 37. Kg3 Kf6 38. Kh4 Ke5 39. Nf3+
Kxf5 40. Kxh5 Ne3 41. g3 g6+ 42. Kh6 Kf6 43. Kh7 g5 44. h4 g4 45. Ng5 Nf5 46.
Ne4+ Ke5 47. Nf2 Nxg3 48. Nxg4+ Kf5 49. Nh6+ Kf6 50. Nxf7 Kxf7 51. Kh6 Kf6 52.
Kh7 Nf5 53. Kg8 Ne7+ 54. Kf8 Ng6+ 55. Ke8 Nxh4 1/2-1/2

[Event "Open Ricany 2012"]
[Site "http://www.openricany.cz/"]
[Date "2012.08.27"]
[Round "3.19"]
[White "Skacel, Jan"]
[Black "Plchot, Miroslav"]
[Result "1-0"]
[WhiteElo "2105"]
[BlackElo "1914"]
[PlyCount "34"]
[EventDate "2012.??.??"]

1. d4 Nf6 2. c4 e5 3. dxe5 Ng4 4. Nf3 Bc5 5. e3 Nc6 6. Be2 O-O 7. O-O Re8 8.
Nc3 Ngxe5 9. b3 Nxf3+ 10. Bxf3 Ne5 11. Be2 a5 12. Bb2 Ra6 13. Ne4 Bf8 14. Ng3
Rh6 15. f4 Nc6 16. Nh5 Rhe6 17. Bf3 Ne7 {Dale necitelne.} 1-0

[Event "Open Ricany 2012"]
[Site "http://www.openricany.cz/"]
[Date "2012.08.27"]
[Round "3.20"]
[White "Pospisil, Martin"]
[Black "Konvalinka, Vladislav"]
[Result "1/2-1/2"]
[WhiteElo "2084"]
[BlackElo "1908"]
[PlyCount "28"]
[EventDate "2012.??.??"]

1. d4 d5 2. c4 c6 3. Nd2 Nf6 4. Ngf3 Bf5 5. Qb3 Qc7 6. g3 e6 7. Bg2 Nbd7 8. O-O
Qb6 9. Qd1 Be7 10. b3 O-O 11. Bb2 Ne4 12. Nxe4 Bxe4 13. Nd2 Bxg2 14. Kxg2 f5
1/2-1/2

[Event "Open Ricany 2012"]
[Site "http://www.openricany.cz/"]
[Date "2012.08.27"]
[Round "3.21"]
[White "Hanl, Frantisek"]
[Black "Starek, Stanislav"]
[Result "1/2-1/2"]
[WhiteElo "1911"]
[BlackElo "2052"]
[PlyCount "28"]
[EventDate "2012.??.??"]

1. e4 c5 2. Nf3 e6 3. d4 cxd4 4. Nxd4 a6 5. Bd3 d6 6. Nc3 Nf6 7. Bg5 Be7 8. f4
Qc7 9. Qf3 b5 10. Qg3 Nbd7 11. O-O-O Bb7 12. Bxf6 Bxf6 13. Bxb5 axb5 14. Ndxb5
Qb6 1/2-1/2

[Event "Open Ricany 2012"]
[Site "http://www.openricany.cz/"]
[Date "2012.08.27"]
[Round "3.22"]
[White "Tvrdy, Jindrich"]
[Black "Groh, Jiri"]
[Result "0-1"]
[WhiteElo "1908"]
[BlackElo "2049"]
[PlyCount "60"]
[EventDate "2012.??.??"]

1. e4 c5 2. Nc3 Nc6 3. g3 g6 4. Bg2 Bg7 5. d3 d6 6. f4 e6 7. Nf3 Nge7 8. O-O
O-O 9. Be3 b5 10. e5 Nd5 11. Nxd5 exd5 12. d4 Bg4 13. dxc5 dxe5 14. fxe5 Nxe5
15. Bd4 b4 16. Rc1 Rc8 17. Qd2 Nc4 18. Qf4 Be6 19. b3 Bxd4+ 20. Nxd4 Na3 21.
Nxe6 fxe6 22. Qxf8+ Qxf8 23. Rxf8+ Kxf8 24. Rf1+ Ke7 25. Rf4 Nxc2 26. Rh4 h5
27. g4 hxg4 28. Rxg4 Kf6 29. Bf1 Rxc5 30. Bd3 g5 0-1

[Event "Open Ricany 2012"]
[Site "http://www.openricany.cz/"]
[Date "2012.08.27"]
[Round "3.23"]
[White "Voracek, Zdenek"]
[Black "Kylar, Miroslav"]
[Result "1-0"]
[WhiteElo "2045"]
[BlackElo "1907"]
[PlyCount "55"]
[EventDate "2012.??.??"]

1. d4 d5 2. c4 e6 3. Nc3 Nf6 4. Nf3 Be7 5. e3 O-O 6. b3 b6 7. Bd3 Bb7 8. O-O c5
9. Bb2 Nc6 10. Rc1 a6 11. dxc5 dxc4 12. Bxc4 Bxc5 13. Qe2 Qe7 14. Na4 Nd7 15.
Bd3 Bd6 16. Rfd1 b5 17. Nc3 Nce5 18. Ne4 Nxf3+ 19. gxf3 Be5 20. f4 Bxb2 21.
Qxb2 f5 22. Rc7 Qh4 23. Be2 Bc8 24. Nd6 Rf6 25. Nxc8 Qh3 26. Ne7+ Kh8 27. Rcxd7
Rff8 28. Ng6+ 1-0

[Event "Open Ricany 2012"]
[Site "http://www.openricany.cz/"]
[Date "2012.08.27"]
[Round "3.25"]
[White "Koller, Martin"]
[Black "Skala, Jaromir"]
[Result "0-1"]
[WhiteElo "1900"]
[BlackElo "2038"]
[PlyCount "86"]
[EventDate "2012.??.??"]

1. d4 g6 2. e4 Bg7 3. Nc3 d6 4. f4 Nh6 5. Nf3 c6 6. Bd3 d5 7. e5 Bf5 8. Qe2 e6
9. Bd2 Nd7 10. h3 Bxd3 11. Qxd3 a6 12. g4 Bf8 13. O-O-O b5 14. Ne2 c5 15. Ng3
c4 16. Qe2 b4 17. f5 Qa5 18. Kb1 c3 19. fxe6 fxe6 20. Ng5 Qb6 21. Be3 O-O-O 22.
h4 a5 23. h5 a4 24. Nxh7 Rxh7 25. hxg6 Rh8 26. g5 Nf5 27. Rxh8 Nxg3 28. Qf3 Nf5
29. Rdh1 b3 30. cxb3 axb3 31. bxc3 bxa2+ 32. Ka1 Qb3 33. Rxf8 Rxf8 34. Qe2 Qa4
35. Rf1 Kc7 36. Rxf5 exf5 37. e6 Nb6 38. Bf4+ Kb7 39. e7 Rh8 40. Bc1 Qb3 41.
Qb2 Qxb2+ 42. Bxb2 Nc4 43. Kxa2 Kc7 0-1

[Event "Open Ricany 2012"]
[Site "http://www.openricany.cz/"]
[Date "2012.08.27"]
[Round "3.26"]
[White "Vavrinec, Tomas"]
[Black "Paukert, Jan"]
[Result "1-0"]
[WhiteElo "2018"]
[BlackElo "1896"]
[PlyCount "61"]
[EventDate "2012.??.??"]

1. Nf3 d5 2. c4 d4 3. e3 c5 4. exd4 cxd4 5. g3 g6 6. Bg2 Bg7 7. O-O e5 8. Re1
Nc6 9. b4 Nge7 10. b5 Na5 11. d3 a6 12. Nxe5 axb5 13. cxb5 O-O 14. Bb2 Be6 15.
Nd2 Re8 16. a4 Bd5 17. Nec4 Bxg2 18. Kxg2 Nxc4 19. dxc4 b6 20. Qf3 Qc7 21. Ne4
Nf5 22. a5 Qxc4 23. axb6 Rab8 24. b7 Qxb5 25. Ra8 Kh8 26. Ng5 Qd7 27. Rxe8+
Qxe8 28. Nxf7+ Kg8 29. Qd5 Kf8 30. Ba3+ Ne7 31. Nd8 1-0

[Event "Open Ricany 2012"]
[Site "http://www.openricany.cz/"]
[Date "2012.08.27"]
[Round "3.28"]
[White "Cizek, Ondrej"]
[Black "Postpa, Martin"]
[Result "0-1"]
[WhiteElo "1869"]
[BlackElo "2002"]
[PlyCount "92"]
[EventDate "2012.??.??"]

1. e4 e5 2. Nf3 Nc6 3. Bc4 Be7 4. d4 exd4 5. Nxd4 d6 6. Nc3 Nf6 7. O-O O-O 8.
h3 Ne5 9. Bb3 a6 10. Nf3 Nc6 11. Qe2 Bd7 12. Nd5 h6 13. Qd3 Re8 14. Nf4 Ne5 15.
Nxe5 dxe5 16. Bxf7+ Kh7 17. Bxe8 Qxe8 18. Nd5 c5 19. Nc7 c4 20. Qe3 Qc8 21.
Nxa8 Qxa8 22. Bd2 Bc6 23. Bc3 Nxe4 24. Bxe5 Qf8 25. Qf4 Qe8 26. Qe3 Qg6 27.
Rae1 Bc5 28. Bd4 Bd6 29. f4 Ng3 30. Qe6 Qxe6 31. Rxe6 Nxf1 32. Rxd6 Ng3 33. Kf2
Ne4+ 34. Ke3 Nxd6 35. g4 h5 36. b3 hxg4 37. hxg4 Bd7 38. Bc5 Nf7 39. f5 cxb3
40. cxb3 Ne5 41. g5 Bxf5 42. Be7 Kg6 43. Kf4 Nd3+ 44. Ke3 Nc1 45. Kd2 Nxa2 46.
b4 Kf7 0-1

[Event "Open Ricany 2012"]
[Site "http://www.openricany.cz/"]
[Date "2012.08.27"]
[Round "3.29"]
[White "Havlik, Frantisek"]
[Black "Marikova, Jana"]
[Result "1-0"]
[WhiteElo "1934"]
[BlackElo "1897"]
[PlyCount "43"]
[EventDate "2012.??.??"]

1. e4 c5 2. d4 cxd4 3. Nf3 Nc6 4. Nxd4 e5 5. Nb5 a6 6. Nd6+ Bxd6 7. Qxd6 Qf6 8.
Qc7 Qg6 9. Nc3 Nge7 10. Be3 O-O 11. O-O-O b5 12. h4 h5 13. g4 b4 14. gxh5 Qxh5
15. Be2 Qh7 16. Nd5 Qxe4 17. Nxe7+ Nxe7 18. Bd3 Qc6 19. Qxe5 Ng6 20. Qd4 Bb7
21. h5 Ne7 22. h6 1-0

[Event "Open Ricany 2012"]
[Site "http://www.openricany.cz/"]
[Date "2012.08.27"]
[Round "3.30"]
[White "Vlcek, Vilem"]
[Black "Koper, Stefan"]
[Result "0-1"]
[WhiteElo "1461"]
[BlackElo "1989"]
[PlyCount "107"]
[EventDate "2012.??.??"]

1. e4 c6 2. d4 Na6 3. Nf3 Nc7 4. h3 d5 5. e5 Bf5 6. Bd3 Bxd3 7. Qxd3 e6 8. O-O
c5 9. c3 c4 10. Qe2 Ne7 11. Na3 Ng6 12. Nc2 b5 13. a3 Be7 14. Bd2 a5 15. Nh2 h5
16. f4 Nh4 17. Ne3 g6 18. g3 Nf5 19. Rf3 Kd7 20. Qf2 Qb8 21. Nc2 Qb6 22. Nf1
Rag8 23. h4 Na6 24. Qe1 Rb8 25. Ra2 Rb7 26. Qa1 Nb8 27. Qb1 Nc6 28. b4 cxb3 29.
Qxb3 a4 30. Qb1 Na5 31. Nb4 Nb3 32. Qd3 Rc8 33. Ne3 Bxb4 34. axb4 Qc6 35. Nd1
Qc4 36. Qxc4 Rxc4 37. Be1 Rc8 38. Kf2 Ra7 39. Ra3 Nh6 40. Nb2 Ng4+ 41. Kg2 Rac7
42. Kh3 Ke7 43. Kg2 f6 44. Nd3 Rxc3 45. Bxc3 Rxc3 46. exf6+ Kxf6 47. Ne5 Rc2+
48. Kg1 Nxd4 49. Nxg4+ hxg4 50. Rfd3 Rc4 51. Kf1 Nc2 52. Rxa4 bxa4 53. b5 Rb4
54. Rc3 0-1

[Event "Open Ricany 2012"]
[Site "http://www.openricany.cz/"]
[Date "2012.08.27"]
[Round "3.32"]
[White "Franek, Jan"]
[Black "Favelka, Petr"]
[Result "1/2-1/2"]
[WhiteElo "1979"]
[BlackElo "1889"]
[PlyCount "74"]
[EventDate "2012.??.??"]

1. e4 d5 2. exd5 Qxd5 3. Nc3 Qa5 4. d4 Nf6 5. Bd2 c6 6. Bc4 Qd8 7. Nf3 Bf5 8.
Ne5 e6 9. g4 Qxd4 10. Qe2 Nxg4 11. Nxg4 Bxg4 12. f3 Bxf3 13. Qxf3 Qxc4 14.
O-O-O Nd7 15. b3 Ba3+ 16. Kb1 Qh4 17. Rhg1 Qf6 18. Qd3 Ne5 19. Qg3 Nf3 20. Qxg7
Nxd2+ 21. Rxd2 Qxg7 22. Rxg7 Ke7 23. Rf2 Raf8 24. Rf1 Bd6 25. Ne4 Be5 26. Rg2
Rhg8 27. Rd2 Rd8 28. Rdf2 Rdf8 29. Rd2 b6 30. Re2 Bd4 31. Ng3 Rg5 32. Nf5+ Rxf5
33. Rxf5 Rg8 34. Rf1 Rg1 35. Rxg1 Bxg1 36. Rg2 Be3 37. c4 a5 1/2-1/2

[Event "Open Ricany 2012"]
[Site "http://www.openricany.cz/"]
[Date "2012.08.27"]
[Round "3.33"]
[White "Hlina, Miloslav"]
[Black "Fencl, Pavel"]
[Result "0-1"]
[WhiteElo "1857"]
[BlackElo "1966"]
[PlyCount "72"]
[EventDate "2012.??.??"]

1. d4 g6 2. Nf3 c6 3. e3 d5 4. Bd3 Bg4 5. Nbd2 Bg7 6. h3 Bxf3 7. Nxf3 Nd7 8. c4
e6 9. Bd2 Ne7 10. Bc3 O-O 11. O-O Nb6 12. Qb3 Qb8 13. Rac1 Nf5 14. Bb4 Re8 15.
Rfd1 Bh6 16. Bd2 Qc8 17. Ne5 Nd7 18. f4 Nxe5 19. dxe5 Rd8 20. Bxf5 gxf5 21. Bc3
dxc4 22. Qxc4 Qc7 23. Bd4 Rd5 24. Rd3 Rad8 25. b4 Bf8 26. Rdc3 Qd7 27. Kh2 a5
28. a3 Rb5 29. Rb3 axb4 30. axb4 Kg7 31. Rg1 Be7 32. g4 fxg4 33. Rxg4+ Kh8 34.
f5 Qd5 35. Qc3 c5 36. Bxc5 Bxc5 0-1

[Event "Open Ricany 2012"]
[Site "http://www.openricany.cz/"]
[Date "2012.08.27"]
[Round "3.34"]
[White "Vlcek, Marek"]
[Black "Eisner, Oldrich"]
[Result "1-0"]
[WhiteElo "1952"]
[BlackElo "1833"]
[PlyCount "67"]
[EventDate "2012.??.??"]

1. Nf3 g6 2. c4 Nf6 3. b4 Bg7 4. Bb2 O-O 5. d3 d6 6. g3 e5 7. Bg2 Re8 8. Nbd2
Nbd7 9. O-O c6 10. Ne4 Nb6 11. Nxd6 Qxd6 12. c5 Qc7 13. cxb6 axb6 14. a4 Nd5
15. b5 Qd6 16. Nd2 Bd7 17. Nc4 Qc7 18. Rc1 Ne7 19. d4 exd4 20. Bxd4 Bxd4 21.
Qxd4 Rxa4 22. Qxb6 Qxb6 23. Nxb6 Rd4 24. e3 Rd2 25. Nc4 Ra2 26. Ne5 Be6 27.
bxc6 bxc6 28. Nxc6 Nxc6 29. Rxc6 Rd8 30. h4 Bd5 31. Rd1 Ra5 32. Rc2 Kg7 33.
Rcd2 Bxg2 34. Kxg2 (34. Rxd8) 1-0

[Event "Open Ricany 2012"]
[Site "http://www.openricany.cz/"]
[Date "2012.08.27"]
[Round "3.35"]
[White "Pycha, Patrik"]
[Black "Sedivy, Ondrej"]
[Result "1/2-1/2"]
[WhiteElo "1925"]
[BlackElo "1784"]
[PlyCount "93"]
[EventDate "2012.??.??"]

1. e4 e6 2. d4 d5 3. e5 c5 4. c3 Nc6 5. Nf3 Qb6 6. a3 c4 7. Nbd2 Nge7 8. Bxc4
Ng6 9. Be2 Nf4 10. O-O Nxe2+ 11. Qxe2 Be7 12. b4 Bd7 13. Bb2 a5 14. Rfb1 axb4
15. axb4 O-O 16. Nb3 Na7 17. Ne1 Bb5 18. Qd1 Rfc8 19. Nc2 Qc7 20. Na3 Ba4 21.
Rc1 Bg5 22. Rcb1 Nb5 23. Nxb5 Bxb5 24. g3 Ba4 25. f4 Be7 26. Ra3 b6 27. Rba1
Qc6 28. Na5 Qxc3 29. Bxc3 Bxd1 30. Nb7 Rxa3 31. Rxa3 h6 32. Nd6 Bxd6 33. exd6
Rd8 34. d7 Rxd7 35. Ra8+ Kh7 36. Rb8 Rc7 37. Be1 Rc4 38. Rxb6 Rxd4 39. Rb7 Kg6
40. b5 Re4 41. Bf2 d4 42. Rd7 Ba4 43. b6 d3 44. Rxd3 Rb4 45. Rc3 Rb1+ 46. Kg2
Rb4 47. Kg1 1/2-1/2

[Event "Open Ricany 2012"]
[Site "http://www.openricany.cz/"]
[Date "2012.08.27"]
[Round "3.37"]
[White "Maly, Dusan"]
[Black "Halla, Jiri"]
[Result "0-1"]
[WhiteElo "1772"]
[BlackElo "1885"]
[PlyCount "42"]
[EventDate "2012.??.??"]

1. e4 e6 2. d4 d5 3. exd5 exd5 4. Bd3 Nc6 5. c3 Bd6 6. Ne2 Bg4 7. Qc2 Nge7 8.
f3 Bh5 9. Nf4 Bg6 10. O-O Bxd3 11. Qxd3 O-O 12. b3 Ng6 13. Nxg6 hxg6 14. Ba3
Re8 15. Bxd6 Qxd6 16. Nd2 Re7 17. Rae1 Rae8 18. Qb1 Qf4 19. Rxe7 Rxe7 20. Qc1
Re2 21. Rd1 Qe3+ 0-1

[Event "Open Ricany 2012"]
[Site "http://www.openricany.cz/"]
[Date "2012.08.27"]
[Round "3.38"]
[White "Vitek, Jan"]
[Black "Havelka, Jan"]
[Result "1/2-1/2"]
[WhiteElo "1882"]
[BlackElo "1762"]
[PlyCount "48"]
[EventDate "2012.??.??"]

1. e4 c5 2. Nf3 d6 3. d4 cxd4 4. Nxd4 Nf6 5. Nc3 e6 6. a4 a6 7. Be2 Be7 8. Be3
Nc6 9. Nb3 b6 10. f4 Bb7 11. Bf3 Qc7 12. O-O O-O 13. g4 Rfd8 14. g5 Ne8 15. Qe2
Rab8 16. Qg2 Nb4 17. f5 d5 18. fxe6 fxe6 19. Rae1 Bc5 20. Nxc5 bxc5 21. exd5
exd5 22. Bg4 Qb6 23. a5 Qc7 24. Qg3 Nxc2 1/2-1/2